Normal view
MARC view
- Supervisor: Dr. Madiha Gohar
Entry Personal Name
001 - CONTROL NUMBER
- control field: 119923
003 - CONTROL NUMBER IDENTIFIER
- control field: NUST
005 - DATE AND TIME OF LATEST TRANSACTION
- control field: 20240118102308.0
008 - FIXED-LENGTH DATA ELEMENTS
- fixed length control field: 240118|| aca||aabn | a|a d
040 ## - CATALOGING SOURCE
- Original cataloging agency: NUST
- Transcribing agency: NUST
100 ## - HEADING--PERSONAL NAME
- Personal name: Supervisor: Dr. Madiha Gohar
670 ## - SOURCE DATA FOUND
- Source citation: Work cat.: (NUST): Mirza, Umama Uzair 119921, AN EXPLORATORY STUDY OF WOMEN AT WORKPLACE WITH CAREER INTERRUPTIONS
